000 00266nam a2200109Ia 4500
008 190911s9999||||xx |||||||||||||| ||und||
100 _aFinkel,Raphael A.
245 0 _aAdvanced Progamming Language Design
260 _aUSA
_bPearson
_c1995
300 _a480
942 _cBK
999 _c6967
_d6967